Nghiên cứu khả năng hấp thụ ion Cd2+ trong nước của axit humic
Tổng quan vấn đề nghiên cứu khả năng hấp thụ ion Cd2+ trong nước của axit humic. Nguyên liệu và phương pháp nghiên cứu. Kết quả và bàn luận: tinh chế axit humic và xác định một số đặc tính hóa lý; kq nghiên cứu khả năng hấp thụ ion Cd2+ trong nước của axit humic tinh chế 2 lần; kq so sánh nghiên cứu...
Kaydedildi:
| Yazar: | |
|---|---|
| Diğer Yazarlar: | |
| Materyal Türü: | Kitap |
| Dil: | Vietnamese |
| Baskı/Yayın Bilgisi: |
Đại học Đà Nẵng
Trường đại học Sư Phạm
2011
|
| Seri Bilgileri: | Khóa luận tốt nghiệp đại học. Chuyên ngành: Sư phạm hóa
|
| Konular: | |
| Etiketler: |
Etiketle
Etiket eklenmemiş, İlk siz ekleyin!
|
| Thư viện lưu trữ: | Mạng thư viện Đại học Đà Nẵng |
|---|
| LEADER | 01804nam a2200349 4500 | ||
|---|---|---|---|
| 001 | 000012542 | ||
| 003 | 8846 | ||
| 005 | 20120222080211.0 | ||
| 008 | 120222s2011 viesd | ||
| 041 | |a vie | ||
| 072 | |a Khóa luận tốt nghiệp | ||
| 082 | |a 547 |b MA-H | ||
| 100 | |a Mai, Thị Thu Hà | ||
| 245 | |a Nghiên cứu khả năng hấp thụ ion Cd2+ trong nước của axit humic |c Mai, Thị Thu Hà | ||
| 260 | |a Đại học Đà Nẵng |b Trường đại học Sư Phạm |c 2011 | ||
| 300 | |a 64 tr. |b hình mhọa |c 29 cm | ||
| 490 | |a Khóa luận tốt nghiệp đại học. Chuyên ngành: Sư phạm hóa | ||
| 500 | |a Tham khảo + phụ lục [9 tr.] | ||
| 520 | |a Tổng quan vấn đề nghiên cứu khả năng hấp thụ ion Cd2+ trong nước của axit humic. Nguyên liệu và phương pháp nghiên cứu. Kết quả và bàn luận: tinh chế axit humic và xác định một số đặc tính hóa lý; kq nghiên cứu khả năng hấp thụ ion Cd2+ trong nước của axit humic tinh chế 2 lần; kq so sánh nghiên cứu khả năng hấp thụ ion Cd2+ trong nước của axit humic tinh chế 2 lần và axit humic tinh chế 1 lần | ||
| 653 | |a Khóa luận tốt nghiệp đại học | ||
| 653 | |a Khoa Hóa học | ||
| 700 | |a Trần, Mạnh Lục |c TS |e Hướng dẫn | ||
| OWN | |a LSP | ||
| AVA | |a UDN50 |b LSP |d 547 MA-H |e available |t Error 5001 Not defined in file expand_doc_bib_avail. |f 1 |g 0 |h N |i 0 |k 1 | ||
| 999 | |a From the UDN01 | ||
| AVA | |a UDN50 |b LSP |d 547 MA-H |e available |t Error 5001 Not defined in file expand_doc_bib_avail. |f 1 |g 0 |h N |i 0 |k 1 | ||
| TYP | |a Monograph | ||
| TYP | |a Printed language | ||
| 980 | |a Mạng thư viện Đại học Đà Nẵng | ||